Normal view
MARC view
Entry Topical Term
001 - CONTROL NUMBER
- control field: 1769
003 - CONTROL NUMBER IDENTIFIER
- control field: BD-DhCDI
005 - DATE AND TIME OF LATEST TRANSACTION
- control field: 20260330055505.0
008 - FIXED-LENGTH DATA ELEMENTS
- fixed length control field: 260330|| aca||aabn | a|a d
040 ## - CATALOGING SOURCE
- Original cataloging agency: BD-DhCDI
- Transcribing agency: BD-DhCDI
150 ## - HEADING--TOPICAL TERM
- Topical term or geographic name entry element: Bengali Poetry
670 ## - SOURCE DATA FOUND
- Source citation: Work cat.: (BD-DhCDI)948: বাংলাদেশ খ্রিস্টান লেখক ফোরাম প্রকাশক 1292, নারীর ভুবন :, 2026.